Statistics for Top 10 highest rated players in EA FC

Click here to take the quiz!

General Stats

  • This quiz has been taken 18 times
  • The average score is 6 of 10

Answer Stats

questionAnswer% Correct
3Erling Haaland
93%
1Kylian Mbappe
93%
6Lionel Messi
93%
4Kevin De Bruyne
73%
10Harry Kane
53%
9Thibaut Courtois
47%
8Karim Benzema
40%
2Alexia Putellas
27%
7Sam Kerr
27%
5Aitana Bonmatí
20%

Score Distribution

Percentile by Number Answered

Percent of People with Each Score

Your Score History

You have not taken this quiz